000 00844nam a2200253Ia 4500
003 OSt
005 20220923225021.0
006 a|||||r|||| 00| 0
007 ta
008 220922b |||||||| |||| 00| 0 hin d
024 _a255,261
037 _cTextual
040 _aARTS
_cARTS
_bhin
041 _2hin
_ahin
082 _aO152,2M79,KH, M6
100 _aझारी, कृष्णदेव, संपा.
_9159453
245 0 _aख़्वाबे - हस्ती
246 _aख़vābe - hastī
260 _aनई दिल्ली
_b शारदा प्रकाशन
_c1986
300 _a115पृ.
_ccm.
650 _aहिन्दी साहित्य
_9156264
942 _hO152,2M79,KH, M6
_cTEXL
_2CC
999 _c375429
_d375429